Movies by Image #7 - Statistics

General Stats
  • This quiz has been taken 190 times
  • The average score is 6 of 16
Answer Stats
Picture Answer % Correct
Night at the Museum
84%
Ferris Bueller's Day Off
70%
Wedding Crashers
57%
50 First Dates
54%
Pretty Woman
54%
Click
51%
The Blind Side
47%
The Proposal
44%
Meet the Parents
40%
Jumanji
35%
Real Steel
27%
Signs
25%
The Rock
20%
The Italian Job
15%
Super 8
8%
The Illusionist
6%
No matching quizzes found
Score Distribution
Percent of People with Each Score
Percentile by Number Answered
Your Score History
You have not taken this quiz